000 01359aam a2200361 i 4500
001 991000140859706706
003 ES-BaIT
005 20260203081827.0
008 200907s2020 spc 000 d cat|c
015 _aLL2021
_2bnc
017 _aDL L 414-2020
_bBiblioteca de Catalunya
020 _a9788491442196
035 _a(ES-BaCBU).b74423186
035 _a(OCoLC)1224101087
040 _aES-LlUDL
_bcat
_erda
_cES-LlUDL
_dES-BaBC
080 _a821.134.1-2
_x"19"
_22004
080 _a849.9-2"19"
100 _aBaldellou, Emili
_eautor
_997916
245 1 0 _aJoc de nens :
_banyada del 85 /
_cEmili Baldellou Pàmpols
264 1 _aLleida :
_bEdicions de la Universitat de Lleida,
_c[2020]
300 _a89 pàgines ;
_c20 cm
336 _atext
_btxt
_2rdacontent
337 _asense mediació
_bn
_2rdamedia
338 _avolum
_bnc
_2rdacarrier
490 1 _aSèrie teatre ;
_vnúm. 14
500 _aP6: D3, H3
502 _a"Sis excompanys d’escola es retroben a l’antiga aula per celebrar els 25 anys de la seva promoció. Malgrat el temps transcorregut, no han canviat tant com pretenen.Una comèdia àcida sobre qui som." -- Pàgina web editorial
830 _aSèrie teatre
_v14
_9101564
907 _a.b74423186
_b09-06-21
_c07-09-20
_d07-09-20
_em
_fa
_g-
_hcat
_ispc
_j0
_k0
908 _aUdL
_aBC
_aCDMAE
940 _aUdL
942 _2udc
_c1
999 _c136993
_d136993